000 00525nam a2200181Ia 4500
005 20250508161635.0
008 008 250505s9999 xx 000 0 eng d
037 _aTextual
040 _aFEDL
_beng
_cFEDL
041 _aeng
_2eng
084 _a535, SCH
_qFEDL
100 _aSchawlow Arthur L
_9771147
245 0 _aLasers and light: Readings from scientific American
260 _aSan Francisco
_bW H Freeman and Company
_c1969
300 _avi,376p
942 _cTEXL
_h535, SCH
999 _c1371277
_d1371277